Lyrics erraten (2010er) #1 - Statistiken

Allgemein
  • Dieses Quiz wurde 865 mal gespielt
    835 seit der letzten Aktualisierung
  • Das Durchschnittsergebnis liegt bei 149 aus 290
Antwortstatistiken
Antwort % Korrekt
I
98%
a
93%
you
93%
You
93%
the
80%
The
80%
are
73%
me
72%
me,
72%
When
68%
when
68%
And
67%
and
67%
your
63%
she
61%
She
61%
to
56%
Do
55%
see
55%
her
54%
Her
54%
her,
54%
that
53%
Then
52%
not
51%
so
51%
so,
51%
So
51%
way
51%
Just
50%
just
50%
like
49%
face
46%
for
46%
you‘re
46%
smile
43%
‘Cause
42%
girl,
42%
Girl,
42%
look
42%
would
42%
amazing
41%
beautiful
41%
eyes,
41%
eyes
41%
world
41%
day
40%
change
39%
know,
38%
know
38%
Oh
38%
Oh,
38%
what
38%
thing
37%
whole
37%
every
36%
There‘s
36%
while
36%
don‘t
34%
hair,
34%
hair
34%
Make
34%
stops
34%
tell
34%
say
32%
if
31%
If
31%
it‘s
31%
them
30%
kiss
29%
could
28%
never
28%
But
27%
but
27%
time
27%
all
26%
stars
26%
lips,
25%
lips
25%
She‘s
25%
stares
25%
they‘re
25%
Yeah,
25%
Yeah
25%
let
24%
shining
24%
without
23%
ask
22%
think
22%
trying
20%
won‘t
20%
okay?
19%
okay
19%
believe
18%
Falls
18%
perfectly
18%
stay
17%
I‘ll
16%
laugh,
16%
laugh
16%
asks
15%
I‘d
15%
Sad
15%
sexy
14%
same
12%
she‘d
12%
compliment
11%
even
10%
hates,
10%
searching
10%
perfect’s
9%
asking
8%
bother
6%
Keine übereinstimmenden Quizze gefunden
Verteilung der Resultate
Anzahl Personen mit jedem Resultat
Perzentil nach korrekt beantworteten Fragen
Ihre Resultats-Entwicklung
Sie haben dieses Quiz seit der letzten Aktualisierung nicht gespielt